A river town /

Bibliographic Details
Main Author: Keneally, Thomas
Format: Book
Language:English
Published: New York : N.A. Talese, [1995]
Edition:1st ed. in the U.S.A.
Subjects:

MARC

Tag First Indicator Second Indicator Subfields
LEADER 00000cam a2200000 a 4500
001 in00001235621
005 20151003063629.0
008 941223s1995 nyu 000 1 eng
010 |a  94048664  
020 |a 0385476965 :  |c $24.00 
035 |a (OCoLC)31815208 
035 |9 AGT0885AM 
040 |a DLC  |c DLC  |d JBO  |d SVP  |d TXA  |d UtOrBLW 
043 |a u-at--- 
049 |a TXAM 
050 0 0 |a PR9619.3.K46  |b R58 1995 
082 0 0 |a 823  |2 20 
100 1 |a Keneally, Thomas. 
245 1 2 |a A river town /  |c Thomas Keneally. 
250 |a 1st ed. in the U.S.A. 
264 1 |a New York :  |b N.A. Talese,  |c [1995] 
264 4 |c ©1995 
300 |a 324 pages ;  |c 25 cm. 
336 |a text  |b txt  |2 rdacontent 
337 |a unmediated  |b n  |2 rdamedia 
338 |a volume  |b nc  |2 rdacarrier 
650 0 |a City and town life  |z Australia  |x Fiction. 
650 0 |a Social classes  |z Australia  |x Fiction. 
650 0 |a Immigrants  |z Australia  |x Fiction. 
650 0 |a Irish  |z Australia  |v Fiction. 
651 0 |a Australia  |v Fiction. 
655 7 |a Historical fiction. 
999 |a MARS 
999 f f |s 27f0562b-770b-30af-acb4-117c7a18db3f  |i 89c3408a-cee1-39dc-abe1-64c17bb4f9cd  |t 0 
952 f f |p normal  |a Texas A&M University  |b College Station  |c Sterling C. Evans Library  |d Evans: Library Stacks  |t 0  |e PR9619.3.K46 R58 1995  |h Library of Congress classification  |i unmediated -- volume  |m A14819154847 
998 f f |a PR9619.3.K46 R58 1995  |t 0  |l Evans: Library Stacks